Estudios de arte latinoamericano y caribeño : resignificaciones de la memoria : contextos y poéticas : redes y diálogos /

Gespeichert in:
Bibliographische Detailangaben
1. Verfasser: Rodríguez Bolufé, Olga María (coordinación)
Format: Buch
Sprache:Spanisch
Veröffentlicht: México : Universidad Iberoamericana Ciudad de México, 2016, c2016
Schlagworte:
Tags: Tag hinzufügen
Keine Tags, Fügen Sie das erste Tag hinzu!

MARC

LEADER 00000nam^a2200000^a^4500
001 000401961
005 20250521000000.0
009 20260310121700.243
020 |a 978-607-417-395-6 
020 |a 978-607-417-354-3 
025 |a Donación Universidad Iberoamericana, 1 ejemplar 
037 |a Acervo Xavier Clavigero 
041 |a ESP 
082 |a 709. 80  |b ROD V. 2 
100 |a Rodríguez Bolufé, Olga María  |e (coordinación) 
240 1 1 |a [Estudios de arte latinoamericano y caribeño] 
245 1 0 |a Estudios de arte latinoamericano y caribeño :  |b resignificaciones de la memoria : contextos y poéticas : redes y diálogos /  |c Coord. de O.M. Rodríguez Bolufé. 
264 4 |a México :  |b Universidad Iberoamericana Ciudad de México,  |c 2016, c2016 
300 |a 437 p. 
336 |a texto  |b txt  |2 rdacontenido 
337 |a sin mediación  |b n  |2 rdamedio 
338 |a volumen  |b nc  |2 rdasoporte 
649 |a XX 
650 |a Arte -  |x Estudio y Enseñanza -  |z México 
650 |a Escultura -  |x Historia y Crítica 
650 |a Pintura Española -  |x Historia y Crítica 
650 |a Arte Religioso -  |z México -  |x Historia y Crítica 
650 |a Arte Moderno -  |z México -  |x Historia y Crítica 
650 |a Arte Moderno -  |x Historia y Crítica 
650 |a Arte Mexicano -  |x Historia y Crítica 
650 |a Arte Español -  |x Historia y Crítica 
650 |a Arte Latinoamericano -  |x Historia y Crítica -  |x Tema Principal 
650 |a Arte Caribeño -  |x Historia y Crítica -  |x Tema Principal 
650 |a Arte -  |x Historia y Crítica 
910 |a Fondo General 
920 |a Impresos - Libros 
930 |a Colección General 
905 |a 101 
901 |a 0500297451  |b IT1  |c ACC  |u 20250521 
902 |a https://opac.biblio.iteso.mx/vufind/Record/000401961